23 największe turnieje WCA w Polsce w 2024 roku - Statystyki

Ogólne statystyki
  • Ten quiz został rozwiązany 40 razy
  • Średni wynik to 11 z 23
Statystyki odpowiedzi
Liczba zawodników Nazwa zawodów % Poprawnych
322 Polish Championship 2024
95%
127 Gdańska Liga Speedcubingu IV 2024
68%
126 Gdańska Liga Speedcubingu V 2024
68%
128 GLS I 2024
65%
127 GLS II 2024
65%
123 GLS III 2024
63%
144 Energy Cube Tomaszów Mazowiecki 2024
58%
132 Dragon Cubing II 2024
55%
123 Gdańska Liga Speedcubingu Final 2024
55%
141 Dragon Cubing I 2024
53%
143 Energy Cube Ciechanów 2024
50%
138 Energy Cube Konin 2024
50%
142 Energy Cube Białołęka 2024
48%
151 Cube4fun in Warsaw 2024
45%
184 Szansa Cubing Open Warsaw 2024
40%
114 Żmigród Open 2024
35%
115 Żory Open 2024
35%
112 Summer Vibe Puck 2024
30%
147 Chorzów Open 2024
28%
120 Cube4fun Cubers Eve Żyrardów 2024
25%
100 Ice Cubing Szczecinek 2024
25%
107 Cube4fun Wisła Masters 2024
15%
101 Silesian Cubing Pawłowice 2024
10%
Nie znaleziono quizów pasujących do podanych kryteriów
Rozkład punktacji
Procent ludzi z każdym wynikiem
Percentyl według liczby udzielonych odpowiedzi
Twoja historia wyników
Nie rozwiązałeś tego quizu